000 00346nam a2200145Ia 4500
008 230711s9999||||xx |||||||||||||| ||und||
041 _aENG
082 _a624
_bMU-H
100 _aMueller,Scott
245 0 _aHandbook of radon in building
250 _a1st
260 _c1988
_aNew York
_bPC Publication
650 _aCivil Engineering
942 _cBK
999 _c385
_d385